<?xml version="1.0" encoding="UTF-8"?>
<record
    xmlns:xsi="http://www.w3.org/2001/XMLSchema-instance"
    xsi:schemaLocation="http://www.loc.gov/MARC21/slim http://www.loc.gov/standards/marcxml/schema/MARC21slim.xsd"
    xmlns="http://www.loc.gov/MARC21/slim">

  <leader>00973nam a22002297a 4500</leader>
  <controlfield tag="005">20110224145937.0</controlfield>
  <controlfield tag="008">110224t        xxu||||| |||| 00| 0ben  d</controlfield>
  <datafield tag="010" ind1=" " ind2=" ">
    <subfield code="a">BEN-8377</subfield>
  </datafield>
  <datafield tag="020" ind1=" " ind2=" ">
    <subfield code="a">9788129508522</subfield>
    <subfield code="c">250.00</subfield>
  </datafield>
  <datafield tag="035" ind1=" " ind2=" ">
    <subfield code="a">BN-6582</subfield>
  </datafield>
  <datafield tag="037" ind1=" " ind2=" ">
    <subfield code="b">DBAD/PUB</subfield>
  </datafield>
  <datafield tag="040" ind1=" " ind2=" ">
    <subfield code="a">DPL</subfield>
    <subfield code="b">BN</subfield>
  </datafield>
  <datafield tag="100" ind1=" " ind2=" ">
    <subfield code="9">26208</subfield>
  </datafield>
  <datafield tag="245" ind1=" " ind2=" ">
    <subfield code="a"> &#x9AA;&#x9C1;&#x9B0;&#x9BE;&#x9A3;&#x9A6;&#x9B0;&#x9CD;&#x9AA;&#x9C7;&#x9A3; &#x9A6;&#x9C0;&#x9AA;&#x995; /   </subfield>
    <subfield code="c"> &#x9AA;&#x9B2;&#x9CD;&#x9B2;&#x9AC; &#x9C7;&#x9B8;&#x9A8;&#x997;&#x9C1;&#x9AA;&#x9CD;&#x9A4; &#x9B8;&#x9AE;&#x9CD;&#x9AA;&#x9BE;&#x9BF;&#x9A6;&#x9A4; </subfield>
  </datafield>
  <datafield tag="246" ind1=" " ind2=" ">
    <subfield code="a">Purndarpane Dipak</subfield>
    <subfield code="b">ed. by Pallab Sengupta</subfield>
  </datafield>
  <datafield tag="260" ind1=" " ind2=" ">
    <subfield code="a">&#x995;&#x9B2;&#x995;&#x9BE;&#x9A4;&#x9BE; </subfield>
    <subfield code="b">&#x9C7;&#x9A6;'&#x99C; &#x9AA;&#x9AC;&#x9BF;&#x9B2;&#x9BF;&#x9B6;&#x982;</subfield>
    <subfield code="c">2008</subfield>
  </datafield>
  <datafield tag="270" ind1=" " ind2=" ">
    <subfield code="a">&#x9E7;&#x9E9; &#x9AC;f&#x999;&#x9CD;&#x995;&#x9AE; &#x99A;&#x9CD;&#x9A4;&#x9CD;&#x9A4;&#x9C7;&#x9B0;&#x9CD;&#x99C;&#x9C0;  &#x9B8;&#x9CD;&#x99F;&#x9C0;&#x99F;  </subfield>
    <subfield code="b">&#x995;&#x9B2;&#x995;&#x9BE;&#x9A4;&#x9BE; </subfield>
    <subfield code="e">700073</subfield>
  </datafield>
  <datafield tag="300" ind1="3" ind2=" ">
    <subfield code="a">328P</subfield>
    <subfield code="c">22 cm [HB]</subfield>
  </datafield>
  <datafield tag="700" ind1=" " ind2=" ">
    <subfield code="a">&#x9C7;&#x9B8;&#x9A8;&#x997;&#x9C1;&#x9AA;&#x9CD;&#x9A4;&#x9BE; &#x9AA;&#x9B2;&#x9CD;&#x9B2;&#x9AC;</subfield>
    <subfield code="9">26212</subfield>
  </datafield>
  <datafield tag="942" ind1=" " ind2=" ">
    <subfield code="2">ddc</subfield>
    <subfield code="c">BN</subfield>
    <subfield code="m">&#x9AA;&#x9C1;&#x9B0;&#x9BE;&#x9A3;</subfield>
  </datafield>
  <datafield tag="999" ind1=" " ind2=" ">
    <subfield code="c">50750</subfield>
    <subfield code="d">50750</subfield>
  </datafield>
  <datafield tag="952" ind1=" " ind2=" ">
    <subfield code="0">0</subfield>
    <subfield code="1">0</subfield>
    <subfield code="2">ddc</subfield>
    <subfield code="4">0</subfield>
    <subfield code="7">1</subfield>
    <subfield code="8">NFIC</subfield>
    <subfield code="a">DBAD</subfield>
    <subfield code="b">DBAD</subfield>
    <subfield code="d">2011-02-24</subfield>
    <subfield code="e">DBAD/PUB</subfield>
    <subfield code="g">250.00</subfield>
    <subfield code="l">0</subfield>
    <subfield code="o">&#x9AA;&#x9C1;&#x9B0;&#x9BE;&#x9A3;</subfield>
    <subfield code="p">BN-6582</subfield>
    <subfield code="r">2011-02-24 00:00:00</subfield>
    <subfield code="t">1</subfield>
    <subfield code="v">250.00</subfield>
    <subfield code="w">2011-02-24</subfield>
    <subfield code="y">BN</subfield>
  </datafield>
</record>
